Statistics for Affluenza-Conan Gray (all lyrics)

Click here to take the quiz!

General Stats

  • This quiz has been taken 32 times
    (30 since last reset)
  • The average score is 202 of 289

Answer Stats

answer% Correct
a
100%
'cause
100%
got
100%
daddy's
96%
affluenza
92%
and
92%
all
88%
keep
88%
man
88%
money
88%
new
88%
to
88%
you
88%
get
83%
he
83%
he's
83%
kids
83%
mansion
83%
need
83%
what
83%
baby
79%
finances
79%
have
79%
honey
79%
life
79%
never
79%
real
79%
really
79%
these
79%
when
79%
ain't
75%
back
75%
Benz
75%
benz
75%
funny
75%
is
75%
it
75%
oh
75%
too
75%
many
71%
me
71%
no
71%
breeze
67%
calls
67%
can't
67%
crystal
67%
designer
67%
drugs
67%
in
67%
their
67%
they
67%
'til
67%
your
67%
bloody
63%
but
63%
cups
63%
I'm
63%
mama's
63%
right
63%
your're
63%
ah
58%
cheers
58%
diamond
58%
ends
58%
friends
58%
give
58%
going
58%
hate
58%
love
58%
party
58%
up
58%
wait
58%
buy
54%
crying
54%
driveway
54%
kinda
54%
reap
54%
say
54%
so
54%
threw
54%
gettin'
50%
high
50%
liquor
50%
of
50%
wreckin'
50%
birthday
46%
killin'
46%
time
46%
cold
42%
everyday's
42%
always
38%
cash
38%
none
38%
fat
33%
fund
33%
gold
33%
now
33%
stacks
33%
trust
33%
class
29%
first
29%
had
29%
tongue
29%
both
25%
hands
25%
you've
25%
80
21%
grand
21%
lavish
21%
mhmm
17%
ow
4%

Score Distribution

Percentile by Number Answered

Percent of People with Each Score

Your Score History

You have not taken this quiz since the last reset